|
|
|
|
| LEADER |
00000nam0a2200000 4500 |
| 001 |
318450 |
| 005 |
20231102003058.0 |
| 035 |
|
|
|a (RuTPU)RU\TPU\book\343948
|
| 090 |
|
|
|a 318450
|
| 100 |
|
|
|a 20160426d1878 k y0rusy50 ca
|
| 101 |
0 |
|
|a rus
|
| 102 |
|
|
|a RU
|
| 105 |
|
|
|a y z 001zy
|
| 200 |
1 |
|
|a Моделирование состояний человека в гипнозе
|f Л. П. Гримак
|g Академия наук СССР (АН СССР), Институт психологии (ИП)
|
| 210 |
|
|
|a Москва
|c Наука
|d 1978
|
| 215 |
|
|
|a 272 с.
|c ил.
|
| 320 |
|
|
|a Библиогр.: с. 250-270
|
| 606 |
|
|
|a Гипноз
|x Физиология
|2 stltpush
|3 (RuTPU)RU\TPU\subj\7232
|9 34940
|
| 610 |
1 |
|
|a человек
|
| 610 |
1 |
|
|a состояние
|
| 610 |
1 |
|
|a моделирование
|
| 675 |
|
|
|a 612.821
|v 4
|
| 700 |
|
1 |
|a Гримак
|b Л. П.
|g Леонид Павлович
|
| 712 |
0 |
2 |
|a Академия наук СССР (АН СССР)
|b Институт психологии (ИП)
|c (Москва)
|2 stltpush
|3 (RuTPU)RU\TPU\col\11340
|
| 801 |
|
1 |
|a RU
|b 63413507
|c 20160426
|
| 801 |
|
2 |
|a RU
|b 63413507
|c 20171124
|g RCR
|
| 942 |
|
|
|c BK
|